Normal view
MARC view
- Get a grip on--
Entry Uniform Title
001 - CONTROL NUMBER
- control field: 2876
003 - CONTROL NUMBER IDENTIFIER
- control field: NUST
005 - DATE AND TIME OF LATEST TRANSACTION
- control field: 20170620120537.0
008 - FIXED-LENGTH DATA ELEMENTS
- fixed length control field: 170620|| aca||aabn | a|a d
040 ## - CATALOGING SOURCE
- Original cataloging agency: NUST
- Transcribing agency: NUST
130 ## - HEADING--UNIFORM TITLE
- Uniform title: Get a grip on--
670 ## - SOURCE DATA FOUND
- Source citation: Work cat.: (NUST)0: Brookes, Martin, 1967- 2875, Genetics /, c1998.
